Real Madrid Trophies of 21st Century - Statistics

General Stats
  • This quiz has been taken 15 times
  • The average score is 33 of 42
Answer Stats
Hint Type Answer % Correct
23/24 Domestic LaLiga
100%
23/24 European UEFA Champions League
100%
22/23 European UEFA Supercup
100%
22/23 Domestic Copa del Rey
89%
21/22 Domestic LaLiga
89%
19/20 Domestic LaLiga
89%
23/24 Domestic Supercopa España
89%
21/22 European UEFA Champions League
89%
24/25 European UEFA Super Cup
89%
13/14 Domestic Copa del Rey
78%
10/11 Domestic Copa del Rey
78%
22/23 World FIFA Club World Cup
78%
18/19 World FIFA Club World Cup
78%
24/25 World FIFA Intercontinental Cup
78%
16/17 Domestic LaLiga
78%
11/12 Domestic LaLiga
78%
07/08 Domestic LaLiga
78%
06/07 Domestic LaLiga
78%
02/03 Domestic LaLiga
78%
21/22 Domestic Supercopa España
78%
19/20 Domestic Supercopa España
78%
17/18 European UEFA Champions League
78%
16/17 European UEFA Champions League
78%
15/16 European UEFA Champions League
78%
13/14 European UEFA Champions League
78%
01/02 European UEFA Champions League
78%
17/18 European UEFA Supercup
78%
16/17 European UEFA Supercup
78%
14/15 European UEFA Supercup
78%
02/03 European UEFA Supercup
78%
01/02 European UEFA Supercup
78%
17/18 World FIFA Club World Cup
67%
16/17 World FIFA Club World Cup
67%
14/15 World FIFA Club World Cup
67%
17/18 Domestic Supercopa España
67%
12/13 Domestic Supercopa España
67%
11/12 Domestic Supercopa España
67%
08/09 Domestic Supercopa España
67%
07/08 Domestic Supercopa España
67%
03/04 Domestic Supercopa España
67%
02/03 World FIFA Intercontinental
56%
01/02 World FIFA Intercontinetal Cup
56%
No matching quizzes found
Score Distribution
Percent of People with Each Score
Percentile by Number Answered
Your Score History
You have not taken this quiz